| 000 | 00728nam a2200217Ii 4500 | ||
|---|---|---|---|
| 003 | JO-AjNU | ||
| 008 | 230605s9999||||xx |||||||||||||| ||und|| | ||
| 017 | _a14/0258 | ||
| 020 | _a9960-714-03-9 | ||
| 040 |
_aJO-AjNU _bara _erda _cJO-AjNU |
||
| 041 | _aara | ||
| 050 | 1 | 4 | _aPJ7852 1993 |
| 100 | 3 |
_aتأليف الحلو،أم حسان, _eauthor _97227 |
|
| 245 | 0 | 0 | _aقوارب وأمواج (مجموعة قصص واقعية)، الجزء الأول |
| 264 | 3 | 1 | _aالرياض:مؤسسة اسام للنشر،1993 |
| 300 | _aج1، 64ص | ||
| 336 |
_atext _btxt _2rdacontent |
||
| 337 |
_aunmediated _bn _2rdamedia |
||
| 338 |
_avolume _bnc _2rdacarrier |
||
| 650 | 4 |
_aالأدب العربي - قصص - السعودية _97228 |
|
| 999 |
_aA173 _c3741 _d3741 |
||